000 00549nam a22001937a 4500
999 _c4444
_d4444
003 GBCCL
005 20241126110518.0
008 180122b xxu||||| |||| 00| 0 eng d
020 _a0801023637
040 _cgbc
082 _a226.9
_bCHA
100 _aChappell, Clovis G.
_98314
245 _aThe Sermon on the Mount /
_cClovis G. Chappell
260 _bBaker Book House,
_aMichigan:
_c1978
300 _a227 p.;
_c19 cm.
440 _aPocket Pulpit Library
_98315
650 _aBible
_vNew Testament
_xSermon on the Mount
_98296
942 _2ddc
_cBK
_02